[Event "Titled Tuesday intern op 06th Feb Early"]
[Site "Chess.com INT"]
[Date "2024.02.06"]
[Round "11"]
[White "Arias Gaviria, Mario Alexis"]
[Black "Revaliente Montoya, Ciro"]
[Result "1-0"]
[WhiteElo "2259"]
[BlackElo "2242"]
[PlyCount "59"]
[EventDate "2024.02.06"]
[EventType "swiss (blitz)"]
[EventRounds "11"]
[EventCountry "USA"]
[SourceTitle "CB07_2024"]
[SourceDate "2024.02.14"]
[SourceVersion "1"]
[SourceVersionDate "2024.02.14"]
[SourceQuality "1"]

1. Nf3 Nf6 2. g3 d5 3. Bg2 c5 4. 0-0 Nc6 5. d4 e6 6. c4 dxc4 7. dxc5 Qxd1 8. Rxd1 Bxc5 9. Nbd2 0-0 10. Nxc4 Nd5 11. e4 Nf6 12. Nfe5 Nxe5 13. Nxe5 b6 14. Rb1 Bb7 15. b4 Be7 16. Bg5 Rfd8 17. b5 h6 18. Bxf6 Bxf6 19. Nd7 Bc3 20. Rbc1 Rac8 21. h4 Kh8 22. Bf3 Rc7 23. Rd3 Rdc8 24. Kg2 Kg8 25. e5 Bxf3+ 26. Kxf3 f6 27. exf6 gxf6 28. Re1 Kf7 29. Rd6 Rc4 30. Rexe6 1-0

[Event "Titled Tuesday intern op 06th Feb Early"]
[Site "Chess.com INT"]
[Date "2024.02.06"]
[Round "5"]
[White "Revaliente Montoya, Ciro"]
[Black "Kanyamarala, Trisha"]
[Result "0-1"]
[WhiteElo "2242"]
[BlackElo "2243"]
[PlyCount "62"]
[EventDate "2024.02.06"]
[EventType "swiss (blitz)"]
[EventRounds "11"]
[EventCountry "USA"]
[SourceTitle "CB07_2024"]
[SourceDate "2024.02.14"]
[SourceVersion "1"]
[SourceVersionDate "2024.02.14"]
[SourceQuality "1"]

1. e4 c5 2. Nf3 Nc6 3. d4 Nxd4 4. Nxd4 cxd4 5. Bc4 Nf6 6. 0-0 d6 7. Qxd4 e5 8. Qd3 Be7 9. f4 0-0 10. Nc3 a6 11. a4 b6 12. Be3 Bb7 13. Nd5 Nxd5 14. Bxd5 Bxd5 15. exd5 exf4 16. Rxf4 Bf6 17. Raf1 Be5 18. Rg4 Qd7 19. Rh4 f5 20. Rf3 Rf6 21. Bg5 Rf7 22. g4 h6 23. Be3 fxg4 24. Rxf7 Qxf7 25. Rxg4 Qh5 26. Rg2 Rf8 27. Qd2 Bxb2 28. Bxh6 Qxh6 29. Qxh6 Bd4+ 30. Kh1 Rf1+ 31. Rg1 Rxg1# 0-1

[Event "Roquetas de Mar op 35th"]
[Site "Roquetas de Mar"]
[Date "2024.01.06"]
[Round "8"]
[White "Fiorito, Francisco"]
[Black "Revaliente Montoya, Ciro"]
[Result "1-0"]
[WhiteElo "2370"]
[BlackElo "2263"]
[PlyCount "65"]
[EventDate "2024.01.02"]
[EventType "swiss"]
[EventRounds "9"]
[EventCountry "ESP"]
[SourceTitle "CB02_2024"]
[SourceDate "2024.01.10"]
[SourceVersion "1"]
[SourceVersionDate "2024.01.10"]
[SourceQuality "1"]

1. g3 Nf6 2. Bg2 g6 3. b3 d5 4. Nf3 Bg7 5. Bb2 c5 6. 0-0 0-0 7. c4 d4 8. b4 Nfd7 9. bxc5 Nxc5 10. d3 e5 11. Ba3 Nba6 12. Nbd2 Bd7 13. Nb3 Rc8 14. Nfd2 b6 15. Ne4 Qc7 16. e3 Nxe4 17. Bxe4 Rfd8 18. exd4 exd4 19. Qf3 Bc6 20. Rfe1 Nb8 21. h4 Bxe4 22. Rxe4 Nc6 23. Rae1 Qd7 24. Qe2 a5 25. Nd2 b5 26. cxb5 Ne5 27. Rxe5 Bxe5 28. Qxe5 Re8 29. Be7 f6 30. Qxf6 Rc7 31. b6 Rxe7 32. Rxe7 Qxe7 33. bxc7 1-0

[Event "Roquetas de Mar op 35th"]
[Site "Roquetas de Mar"]
[Date "2024.01.04"]
[Round "4"]
[White "Revaliente Montoya, Ciro"]
[Black "Jimenez Freniche, David"]
[Result "1-0"]
[WhiteElo "2263"]
[BlackElo "1849"]
[PlyCount "61"]
[EventDate "2024.01.02"]
[EventType "swiss"]
[EventRounds "9"]
[EventCountry "ESP"]
[SourceTitle "CB02_2024"]
[SourceDate "2024.01.10"]
[SourceVersion "1"]
[SourceVersionDate "2024.01.10"]
[SourceQuality "1"]

1. e4 e6 2. d4 d5 3. Nc3 dxe4 4. Nxe4 Nd7 5. Bd3 Ngf6 6. Qe2 c5 7. Nxf6+ Nxf6 8. dxc5 Bxc5 9. Bg5 Qa5+ 10. Bd2 Qb6 11. 0-0-0 Bxf2 12. Nf3 Bc5 13. Rhf1 Bd7 14. Ne5 Rf8 15. g4 Bd4 16. Nc4 Qc6 17. Bb4 Bc5 18. Ne5 Qb6 19. Nxd7 Nxd7 20. Bb5 0-0-0 21. Qc4 Kb8 22. Rxd7 Bxb4 23. Qxb4 Rxd7 24. Qxf8+ Rd8 25. Qe7 Qe3+ 26. Kb1 Qd2 27. a3 a6 28. Rxf7 Qd5 29. Bc6 Qd1+ 30. Ka2 Rd7 31. Qxd7 1-0

[Event "Titled Tuesday intern op 29th Aug Early"]
[Site "Chess.com INT"]
[Date "2023.08.29"]
[Round "5"]
[White "Masague Artero, Guerau"]
[Black "Revaliente Montoya, Ciro"]
[Result "1-0"]
[WhiteElo "2296"]
[BlackElo "2317"]
[PlyCount "57"]
[EventDate "2023.08.29"]
[EventType "swiss (blitz)"]
[EventRounds "11"]
[EventCountry "USA"]
[SourceTitle "EXT 2024"]
[Source "ChessBase"]
[SourceDate "2023.10.10"]
[SourceVersion "1"]
[SourceVersionDate "2023.10.10"]
[SourceQuality "1"]

1. Nf3 d5 2. d4 Nf6 3. e3 e6 4. c4 a6 5. b3 b6 6. Bb2 Bb7 7. cxd5 exd5 8. g3 Nbd7 9. Bg2 Bd6 10. Nc3 0-0 11. 0-0 Re8 12. Rc1 h6 13. Ne2 Ne4 14. Rc2 Qe7 15. Nf4 Rac8 16. Qa1 Ndf6 17. Rfc1 Ng4 18. Nd3 Qf6 19. h3 Nxe3 20. fxe3 Bxg3 21. Rf1 Qg6 22. Nfe5 Bxe5 23. Nxe5 Qg5 24. Qe1 Ng3 25. Rf4 f6 26. Rg4 Qf5 27. Qxg3 Qxc2 28. Rxg7+ Kh8 29. Nf7# 1-0

[Event "Titled Tuesday intern op 29th Aug Late"]
[Site "Chess.com INT"]
[Date "2023.08.29"]
[Round "7"]
[White "Revaliente Montoya, Ciro"]
[Black "Tarnowska, Aleksandra"]
[Result "1-0"]
[WhiteElo "2317"]
[BlackElo "1860"]
[PlyCount "67"]
[EventDate "2023.08.29"]
[EventType "swiss (blitz)"]
[EventRounds "11"]
[EventCountry "USA"]
[SourceTitle "EXT 2024"]
[Source "ChessBase"]
[SourceDate "2023.10.10"]
[SourceVersion "1"]
[SourceVersionDate "2023.10.10"]
[SourceQuality "1"]

1. e4 c5 2. Nf3 e6 3. d4 cxd4 4. Nxd4 a6 5. Bd3 Bc5 6. Nb3 Be7 7. Be3 Qc7 8. Qe2 d6 9. Nc3 Nd7 10. 0-0-0 b5 11. f4 Bb7 12. f5 e5 13. g4 b4 14. Nd5 Bxd5 15. exd5 Nb6 16. Qg2 Nf6 17. Be2 Rc8 18. Bxa6 Nfxd5 19. Bxb6 Nxb6 20. Bxc8 Qxc8 21. h4 d5 22. Qf2 Qc7 23. g5 f6 24. Rhg1 0-0 25. gxf6 Bxf6 26. h5 h6 27. Qc5 Qb7 28. Qd6 d4 29. Nc5 Qa7 30. Ne4 Kh8 31. Qxf8+ Kh7 32. Qxf6 gxf6 33. Nxf6+ Kh8 34. Rg8# 1-0

[Event "Titled Tuesday intern op 15th Aug Late"]
[Site "Chess.com INT"]
[Date "2023.08.15"]
[Round "4"]
[White "Revaliente Montoya, Ciro"]
[Black "Kupervaser, Erez"]
[Result "0-1"]
[WhiteElo "2317"]
[BlackElo "2267"]
[PlyCount "84"]
[EventDate "2023.08.15"]
[EventType "swiss (blitz)"]
[EventRounds "11"]
[EventCountry "USA"]
[SourceTitle "EXT 2024"]
[Source "ChessBase"]
[SourceDate "2023.10.10"]
[SourceVersion "1"]
[SourceVersionDate "2023.10.10"]
[SourceQuality "1"]

1. e4 c5 2. Nf3 Nc6 3. d4 cxd4 4. Nxd4 Nf6 5. Nc3 e5 6. Ndb5 d6 7. Bg5 a6 8. Na3 b5 9. Bxf6 gxf6 10. Nd5 Bg7 11. g3 f5 12. Bg2 f4 13. c3 0-0 14. Nc2 a5 15. 0-0 Rb8 16. Qd2 Ne7 17. gxf4 Nxd5 18. exd5 Qh4 19. fxe5 Bxe5 20. f4 Bf6 21. Nd4 Kh8 22. Kh1 Bd7 23. Rae1 Rg8 24. Rg1 Rg6 25. Be4 Rh6 26. Nf3 Qh5 27. Ng5 Rf8 28. Bf3 Qh4 29. Qg2 Rg6 30. Be4 Rg7 31. Qg3 Qh5 32. Bf3 Qh6 33. h4 Bf5 34. Qf2 Rfg8 35. Qh2 b4 36. cxb4 axb4 37. Re2 Bd4 38. Rg3 f6 39. Ne4 Bxe4 40. Rxe4 Rxg3 41. Rxd4 Rxf3 42. Re4 Rf1+ 0-1

[Event "Titled Tuesday intern op 15th Aug Late"]
[Site "Chess.com INT"]
[Date "2023.08.15"]
[Round "9"]
[White "Revaliente Montoya, Ciro"]
[Black "Yeritsyan, Hayk"]
[Result "1-0"]
[WhiteElo "2317"]
[BlackElo "2179"]
[PlyCount "95"]
[EventDate "2023.08.15"]
[EventType "swiss (blitz)"]
[EventRounds "11"]
[EventCountry "USA"]
[SourceTitle "EXT 2024"]
[Source "ChessBase"]
[SourceDate "2023.10.10"]
[SourceVersion "1"]
[SourceVersionDate "2023.10.10"]
[SourceQuality "1"]

1. e4 c6 2. d4 d5 3. f3 e6 4. Nc3 Nf6 5. e5 Ng8 6. Nce2 c5 7. c3 Nc6 8. f4 Qb6 9. Nf3 Nh6 10. a3 cxd4 11. cxd4 Nf5 12. g4 Nfe7 13. Ng3 Bd7 14. b4 Rc8 15. Be3 Nb8 16. Qd2 Bb5 17. f5 Bxf1 18. Rxf1 h5 19. fxe6 Qxe6 20. Ng5 Qxg4 21. Nxf7 h4 22. Qe2 Qh3 23. Nh1 Nf5 24. Rxf5 Qxf5 25. Nxh8 Qh7 26. Qg4 Rc2 27. Qe6+ Be7 28. Qg6+ Qxg6 29. Nxg6 Nc6 30. Nf2 Bd8 31. Rc1 Rb2 32. Ng4 a6 33. e6 h3 34. N4e5 Bh4+ 35. Kf1 Bf6 36. Nxc6 bxc6 37. Rxc6 Rb3 38. Bf2 Rxa3 39. Rc8+ Bd8 40. Bh4 Rf3+ 41. Ke2 Rf6 42. Bxf6 gxf6 43. e7 Kf7 44. exd8Q Kxg6 45. Qg8+ Kf5 46. Re8 Kf4 47. Qh7 f5 48. Qh4# 1-0

[Event "Titled Tuesday intern op 08th Aug Late"]
[Site "Chess.com INT"]
[Date "2023.08.08"]
[Round "8"]
[White "D'Arruda, Ricardo D"]
[Black "Revaliente Montoya, Ciro"]
[Result "1-0"]
[WhiteElo "2271"]
[BlackElo "2317"]
[PlyCount "63"]
[EventDate "2023.08.08"]
[EventType "swiss (blitz)"]
[EventRounds "11"]
[EventCountry "USA"]
[SourceTitle "EXT 2024"]
[Source "ChessBase"]
[SourceDate "2023.10.10"]
[SourceVersion "1"]
[SourceVersionDate "2023.10.10"]
[SourceQuality "1"]

1. Nf3 d5 2. b3 Nf6 3. Bb2 c5 4. e3 g6 5. Be2 Bg7 6. 0-0 0-0 7. d4 b6 8. Nbd2 Bb7 9. c4 Nbd7 10. Ne5 Nxe5 11. dxe5 Nd7 12. f4 e6 13. Bf3 Qe7 14. cxd5 exd5 15. Nc4 dxc4 16. Bxb7 Rad8 17. Qf3 cxb3 18. axb3 a5 19. Rad1 Nb8 20. Bd5 Rd7 21. e4 Rfd8 22. g3 Na6 23. Bc4 Nc7 24. Rxd7 Qxd7 25. f5 b5 26. Be2 Re8 27. Rd1 Qc6 28. Rd6 Qb7 29. Rd7 Qc8 30. e6 fxe6 31. Rxg7+ Kf8 32. fxg6# 1-0

[Event "Titled Tuesday intern op 08th Aug Late"]
[Site "Chess.com INT"]
[Date "2023.08.08"]
[Round "7"]
[White "Novikova, Margarita"]
[Black "Revaliente Montoya, Ciro"]
[Result "1/2-1/2"]
[WhiteElo "1995"]
[BlackElo "2317"]
[PlyCount "125"]
[EventDate "2023.08.08"]
[EventType "swiss (blitz)"]
[EventRounds "11"]
[EventCountry "USA"]
[SourceTitle "EXT 2024"]
[Source "ChessBase"]
[SourceDate "2023.10.10"]
[SourceVersion "1"]
[SourceVersionDate "2023.10.10"]
[SourceQuality "1"]

1. d4 d5 2. Bf4 Nf6 3. Nd2 g6 4. c3 Bg7 5. Ngf3 0-0 6. Ne5 c5 7. e3 Nc6 8. h3 h5 9. Nxc6 bxc6 10. Be2 Bf5 11. Nf3 Nd7 12. Rg1 cxd4 13. exd4 Be4 14. Bd3 Bxd3 15. Qxd3 e5 16. Nxe5 Re8 17. 0-0-0 Nxe5 18. dxe5 Bxe5 19. Bxe5 Rxe5 20. g4 Qg5+ 21. Qd2 Qxd2+ 22. Kxd2 hxg4 23. hxg4 Rae8 24. Rde1 Kg7 25. Rxe5 Rxe5 26. Re1 Rxe1 27. Kxe1 Kf6 28. Ke2 Ke5 29. Ke3 g5 30. b4 a6 31. a4 f6 32. f3 f5 33. gxf5 Kxf5 34. Kd4 Kf4 35. Kc5 Kxf3 36. Kxc6 g4 37. b5 axb5 38. axb5 g3 39. b6 g2 40. b7 g1Q 41. b8Q Qg7 42. Qb4 Qf6+ 43. Kxd5 Qf5+ 44. Kc4 Qe6+ 45. Kb5 Qd7+ 46. Ka5 Ke3 47. c4 Qa7+ 48. Kb5 Qb7+ 49. Ka4 Qa7+ 50. Kb3 Kd4 51. c5+ Kd5 52. Qc4+ Kc6 53. Qe6+ Kb5 54. Qc4+ Kc6 55. Qe6+ Kb5 56. Qe2+ Kc6 57. Qf3+ Kb5 58. Qf1+ Kc6 59. Qg2+ Kb5 60. Qe2+ Kc6 61. Kc3 Qxc5+ 62. Qc4 Qxc4+ 63. Kxc4 1/2-1/2

[Event "Titled Tuesday intern op 08th Aug Late"]
[Site "Chess.com INT"]
[Date "2023.08.08"]
[Round "6"]
[White "Revaliente Montoya, Ciro"]
[Black "Bochnicka, Vladimir1111"]
[Result "0-1"]
[WhiteElo "2317"]
[BlackElo "2368"]
[PlyCount "116"]
[EventDate "2023.08.08"]
[EventType "swiss (blitz)"]
[EventRounds "11"]
[EventCountry "USA"]
[SourceTitle "EXT 2024"]
[Source "ChessBase"]
[SourceDate "2023.10.10"]
[SourceVersion "1"]
[SourceVersionDate "2023.10.10"]
[SourceQuality "1"]

1. e4 e5 2. Nf3 Nc6 3. Nc3 Nf6 4. h3 Bb4 5. Nd5 Bc5 6. d3 0-0 7. Bg5 Be7 8. Nxe7+ Qxe7 9. Be2 h6 10. Bh4 d6 11. 0-0 Nd8 12. Qd2 Ne6 13. Rfe1 Nf4 14. Bf1 g5 15. Bg3 N6h5 16. d4 Qf6 17. dxe5 dxe5 18. Bh2 g4 19. hxg4 Bxg4 20. Qc3 Rfe8 21. Re3 Kh7 22. Bxf4 Nxf4 23. g3 Ng6 24. Bg2 c6 25. Rd1 Rad8 26. Red3 Rxd3 27. Rxd3 Rg8 28. Qb4 Bxf3 29. Rxf3 Qe7 30. Qxe7 Nxe7 31. Rxf7+ Rg7 32. Rxg7+ Kxg7 33. Kf1 Kf6 34. Ke2 Nc8 35. f4 Nd6 36. Kd3 b6 37. b4 c5 38. a3 Ke6 39. Bh3+ Kf6 40. bxc5 bxc5 41. c4 Nb7 42. Bg2 Na5 43. Kc3 Ke6 44. Bf1 Kf6 45. Bd3 Nc6 46. Kd2 Nd4 47. Ke3 a5 48. Kf2 Kg6 49. Kg2 Kh5 50. fxe5 Kg6 51. Kh3 Kf7 52. Kg4 Kg6 53. Kf4 Ne6+ 54. Kg4 Nd4 55. e6 Nxe6 56. e5+ Kg7 57. Kh5 Nd4 58. g4 Nf3 0-1

[Event "Titled Tuesday intern op 08th Aug Late"]
[Site "Chess.com INT"]
[Date "2023.08.08"]
[Round "3"]
[White "Revaliente Montoya, Ciro"]
[Black "Mendez Fortes, Eduardo Jesus"]
[Result "0-1"]
[WhiteElo "2317"]
[BlackElo "2231"]
[PlyCount "124"]
[EventDate "2023.08.08"]
[EventType "swiss (blitz)"]
[EventRounds "11"]
[EventCountry "USA"]
[SourceTitle "EXT 2024"]
[Source "ChessBase"]
[SourceDate "2023.10.10"]
[SourceVersion "1"]
[SourceVersionDate "2023.10.10"]
[SourceQuality "1"]

1. e4 c5 2. Nf3 d6 3. c3 Nf6 4. h3 Nc6 5. Bd3 g6 6. Bc2 Bg7 7. 0-0 e5 8. d4 0-0 9. d5 Ne7 10. a4 h6 11. Na3 Nh7 12. Nc4 f5 13. b4 b6 14. bxc5 bxc5 15. a5 f4 16. a6 g5 17. Nh2 Nf6 18. f3 h5 19. Bd3 Ng6 20. Qa4 Bd7 21. Qa5 Qe7 22. Qc7 Ne8 23. Qb7 Qd8 24. Bd2 Rf7 25. Rfb1 Bxh3 26. gxh3 Rxb7 27. axb7 Rb8 28. Rxa7 g4 29. hxg4 Nf6 30. Na5 Nd7 31. Nc6 Qe8 32. Nxb8 Nxb8 33. Ra8 Nh4 34. Bb5 Qd8 35. Bc6 hxg4 36. Rba1 Kh7 37. Rxb8 Qg5 38. fxg4 Qg6 39. Rh8+ Bxh8 40. b8Q Qxe4 41. Ra7+ Bg7 42. Rxg7+ Kxg7 43. Qc7+ Kh6 44. Qxd6+ Ng6 45. g5+ Kxg5 46. Qd8+ Kh6 47. Be8 Qb1+ 48. Kg2 Qe4+ 49. Nf3 Qe2+ 50. Kg1 Qxf3 51. Bxg6 Qd1+ 52. Kg2 Qxd2+ 53. Kh3 Qxc3+ 54. Kg4 Qg3+ 55. Kf5 Qxg6+ 56. Kxe5 f3 57. Qh4+ Kg7 58. Qe7+ Qf7 59. Qxf7+ Kxf7 60. d6 f2 61. d7 Ke7 62. d8Q+ Kxd8 0-1

[Event "ESP-ch U18"]
[Site "Salobrena"]
[Date "2023.08.02"]
[Round "4"]
[White "Revaliente Montoya, Ciro"]
[Black "Castro Quijano, Eduardo"]
[Result "1/2-1/2"]
[WhiteElo "2233"]
[BlackElo "2075"]
[PlyCount "60"]
[EventDate "2023.07.31"]
[EventType "swiss"]
[EventRounds "9"]
[EventCountry "ESP"]
[SourceTitle "CBM 215 Extra"]
[Source "ChessBase"]
[SourceDate "2023.09.30"]
[SourceVersion "1"]
[SourceVersionDate "2023.09.30"]
[SourceQuality "1"]

1. e4 c5 2. Nf3 e6 3. d4 cxd4 4. Nxd4 a6 5. c4 Nf6 6. Nc3 Bb4 7. Qd3 Nc6 8. Nxc6 dxc6 9. Qxd8+ Kxd8 10. Bg5 e5 11. 0-0-0+ Kc7 12. Kc2 Bxc3 13. Bxf6 gxf6 14. Kxc3 c5 15. Be2 Be6 16. f4 Rad8 17. b4 b6 18. f5 Bd7 19. b5 axb5 20. cxb5 Bc8 21. Rxd8 Rxd8 22. Rd1 Rd4 23. Rxd4 exd4+ 24. Kd3 Kd6 25. Bf3 Ke5 26. g3 Bb7 27. a4 h5 28. h4 Ba8 29. Bh1 Bb7 30. Bg2 Ba8 1/2-1/2

[Event "ESP-ch U18"]
[Site "Salobrena"]
[Date "2023.08.01"]
[Round "3"]
[White "Rodriguez Avila, Alvaro"]
[Black "Revaliente Montoya, Ciro"]
[Result "1-0"]
[WhiteElo "2103"]
[BlackElo "2233"]
[PlyCount "65"]
[EventDate "2023.07.31"]
[EventType "swiss"]
[EventRounds "9"]
[EventCountry "ESP"]
[SourceTitle "CBM 215 Extra"]
[Source "ChessBase"]
[SourceDate "2023.09.30"]
[SourceVersion "1"]
[SourceVersionDate "2023.09.30"]
[SourceQuality "1"]

1. e4 c5 2. Nf3 Nf6 3. e5 Nd5 4. Nc3 e6 5. Nxd5 exd5 6. d4 Nc6 7. dxc5 Bxc5 8. Qxd5 Qb6 9. Bc4 Bxf2+ 10. Ke2 0-0 11. Rf1 Bc5 12. Ng5 Nxe5 13. Nxf7 Nxf7 14. Rxf7 Qe6+ 15. Qxe6 dxe6 16. Rxf8+ Kxf8 17. Be3 Bxe3 18. Kxe3 Ke7 19. Bd3 h6 20. Rf1 Bd7 21. g3 Rc8 22. Bg6 Be8 23. Be4 Bf7 24. Rf2 b6 25. b3 b5 26. Bd3 Rc5 27. c4 b4 28. Kd4 Ra5 29. Be4 e5+ 30. Ke3 Be6 31. Rc2 Kd6 32. Rd2+ Ke7 33. Rc2 1-0

[Event "Lorca Christmas op"]
[Site "Lorca"]
[Date "2022.12.28"]
[Round "5"]
[White "Revaliente Montoya, Ciro"]
[Black "Szpar, Milosz"]
[Result "0-1"]
[WhiteElo "2123"]
[BlackElo "2428"]
[PlyCount "154"]
[EventDate "2022.12.26"]
[EventType "swiss"]
[EventRounds "9"]
[EventCountry "ESP"]
[SourceTitle "CBM 211 Extra"]
[Source "ChessBase"]
[SourceDate "2023.01.31"]
[SourceVersion "1"]
[SourceVersionDate "2023.01.31"]
[SourceQuality "1"]

1. e4 c5 2. Nf3 Nc6 3. d4 cxd4 4. Nxd4 g6 5. Nc3 Bg7 6. Be3 Nf6 7. Bc4 Qa5 8. 0-0 0-0 9. f3 Qc5 10. Bb3 Ng4 11. fxg4 Bxd4 12. Bxd4 Nxd4 13. Kh1 Qe5 14. Nd5 Nc6 15. c3 d6 16. Qf3 Bd7 17. Rad1 Rac8 18. h3 Qg5 19. Qg3 h5 20. Qf4 Qxf4 21. Nxf4 Kg7 22. gxh5 g5 23. Nd5 g4 24. Ne3 Ne5 25. Nxg4 Bxg4 26. hxg4 Nxg4 27. Rf4 Ne5 28. g4 Kh6 29. Rdf1 f6 30. Be6 Rb8 31. g5+ Kxg5 32. h6 Rh8 33. Rf5+ Kxh6 34. Rg1 Ng6 35. Rg3 Kg7+ 36. Kg1 Rh4 37. Rf2 Kh6 38. Bf5 Nf4 39. Rh2 Rxh2 40. Kxh2 e5 41. Rg4 d5 42. Kg3 dxe4 43. Bxe4 Rh8 44. Kf3 b6 45. c4 a5 46. b3 Rf8 47. Rh4+ Nh5 48. Kg4 Rg8+ 49. Kf5 Rg5+ 50. Ke6 Kg7 51. Kd6 f5 52. Bf3 Nf4 53. a3 Rg3 54. Bd5 Rxb3 55. Rh1 e4 56. Ke5 Ne2 57. Rh5 Rxa3 58. Rg5+ Kh6 59. Rxf5 e3 60. Rf3 Kg5 61. Rf5+ Kh4 62. Rf8 Kg3 63. Rh8 Ng1 64. Rg8+ Kf2 65. Rf8+ Ke1 66. Rg8 e2 67. Rxg1+ Kf2 68. Rg2+ Kf1 69. Rxe2 Kxe2 70. Kd6 Ra1 71. Kc7 Rb1 72. Bc6 Kd3 73. Bb5 a4 74. Kxb6 a3 75. c5+ Kd4 76. c6 Rc1 77. c7 Rxc7 0-1

[Event "Lorca Christmas op"]
[Site "Lorca"]
[Date "2022.12.27"]
[Round "3"]
[White "Revaliente Montoya, Ciro"]
[Black "Makkar, Rajat"]
[Result "1-0"]
[WhiteElo "2123"]
[BlackElo "2430"]
[PlyCount "177"]
[EventDate "2022.12.26"]
[EventType "swiss"]
[EventRounds "9"]
[EventCountry "ESP"]
[SourceTitle "CBM 211 Extra"]
[Source "ChessBase"]
[SourceDate "2023.01.31"]
[SourceVersion "1"]
[SourceVersionDate "2023.01.31"]
[SourceQuality "1"]

1. e4 c5 2. Nc3 Nc6 3. Nge2 Nf6 4. g3 d5 5. Bg2 dxe4 6. Nxe4 Nxe4 7. Bxe4 g6 8. 0-0 Bg7 9. d3 Bg4 10. Be3 Qd6 11. Qd2 0-0 12. Nc3 Nd4 13. f4 h5 14. Bg2 Qd7 15. Ne4 b6 16. a4 Rac8 17. a5 Rfd8 18. axb6 axb6 19. Qf2 Nf5 20. c3 Nxe3 21. Qxe3 Qxd3 22. Qxd3 Rxd3 23. Ra7 Rd7 24. Rfa1 Rdc7 25. R1a6 b5 26. Rxc7 Rxc7 27. Rb6 Bd7 28. Rb8+ Bf8 29. Kf2 Kg7 30. Ke3 e6 31. Nd2 Ra7 32. b3 Be7 33. Bf1 Bd6 34. Rd8 b4 35. Ne4 Be7 36. Rb8 Bc6 37. cxb4 cxb4 38. Bc4 Ra1 39. Rc8 Bd5 40. Bxd5 exd5 41. Nd2 h4 42. Rc7 h3 43. Nf3 Bf6 44. Rb7 Bc3 45. Rd7 Rb1 46. Rxd5 Rxb3 47. Ke4 Rb2 48. Rc5 Bf6 49. g4 b3 50. g5 Be7 51. Rb5 Bd6 52. Rb6 Bc5 53. Rb5 Re2+ 54. Kd5 Rf2 55. Rxb3 Be7 56. Ke4 Bd6 57. Rd3 Re2+ 58. Re3 Rg2 59. Rd3 Bb4 60. Rb3 Bc5 61. Kd5 Bf2 62. Rc3 Bb6 63. Ke4 Re2+ 64. Kd5 Be3 65. Rc4 Bd2 66. Rc2 Rf2 67. Nxd2 Rxh2 68. Ke4 Re2+ 69. Kd3 Rg2 70. Nf3 Rg3 71. Ke4 Kf8 72. Rd2 Ke7 73. f5 Rg4+ 74. Ke5 gxf5 75. Kxf5 Ra4 76. Rh2 Ra5+ 77. Kg4 f6 78. g6 Kf8 79. Rxh3 Kg7 80. Nh4 Rg5+ 81. Kf4 Rh5 82. Rh2 Kh6 83. Kg4 Rg5+ 84. Kh3 Rh5 85. Rf2 Kg7 86. Rc2 f5 87. Rc7+ Kf6 88. Rf7+ Ke6 89. Rxf5 1-0

[Event "ESP-ch U18"]
[Site "Salobrena"]
[Date "2022.08.06"]
[Round "9"]
[White "Revaliente Montoya, Ciro"]
[Black "Rodriguez Ferreiros, Andres"]
[Result "1-0"]
[WhiteElo "2163"]
[BlackElo "2114"]
[PlyCount "83"]
[EventDate "2022.08.01"]
[EventType "swiss"]
[EventRounds "9"]
[EventCountry "ESP"]
[SourceTitle "EXT 2023"]
[Source "ChessBase"]
[SourceDate "2022.10.05"]
[SourceVersion "1"]
[SourceVersionDate "2022.10.05"]
[SourceQuality "1"]

1. e4 c5 2. Nc3 Nc6 3. Nge2 d6 4. d4 cxd4 5. Nxd4 e5 6. Ndb5 a6 7. Na3 b5 8. Nd5 Nce7 9. c4 Nxd5 10. exd5 bxc4 11. Nxc4 Be7 12. Be3 Nf6 13. Be2 0-0 14. 0-0 a5 15. a4 Rb8 16. Bd2 Ra8 17. Qe1 Bb7 18. Bxa5 Qb8 19. Bf3 Ba6 20. Rc1 Rc8 21. Nb6 Rxc1 22. Qxc1 Bd8 23. Qc6 Bxb6 24. Bxb6 Bb7 25. Qc4 e4 26. Bd1 Ba6 27. Qc6 Bb7 28. Qc4 Nxd5 29. Bd4 Nf4 30. b4 Bd5 31. Qc3 f6 32. Be3 Nd3 33. b5 Qc8 34. Qd4 Qc4 35. Qb6 Nb2 36. Qxd6 Nxa4 37. Bxa4 Rxa4 38. Qd8+ Kf7 39. Qd7+ Kg6 40. Qg4+ Kf7 41. Rc1 Be6 42. Qh5+ 1-0

[Event "ESP-ch U18"]
[Site "Salobrena"]
[Date "2022.08.02"]
[Round "3"]
[White "Pascual Garcia, Martin"]
[Black "Revaliente Montoya, Ciro"]
[Result "1/2-1/2"]
[WhiteElo "2032"]
[BlackElo "2163"]
[PlyCount "76"]
[EventDate "2022.08.01"]
[EventType "swiss"]
[EventRounds "9"]
[EventCountry "ESP"]
[SourceTitle "EXT 2023"]
[Source "ChessBase"]
[SourceDate "2022.10.05"]
[SourceVersion "1"]
[SourceVersionDate "2022.10.05"]
[SourceQuality "1"]

1. c4 e5 2. Nf3 Nc6 3. d3 Bc5 4. g3 f5 5. Nc3 Nf6 6. Bg2 a5 7. 0-0 d6 8. e3 Ba7 9. d4 0-0 10. a3 h6 11. b4 e4 12. Nd2 axb4 13. axb4 Nxb4 14. f3 exf3 15. Bxf3 c6 16. Qb3 Na6 17. Ba3 Qe7 18. c5+ Kh8 19. e4 dxc5 20. e5 Nh7 21. Nc4 Be6 22. d5 cxd5 23. Bxd5 Rfd8 24. Rad1 Qf7 25. Bxe6 Qxe6 26. Nb5 Rxd1 27. Rxd1 Qe7 28. Nxa7 Rxa7 29. Nd6 Ng5 30. h4 Qe6 31. Qd3 Ne4 32. Nxe4 fxe4 33. Qxe4 Ra8 34. Qxb7 Rf8 35. Qe4 Qb3 36. Rd3 Qb1+ 37. Kh2 Qa2+ 38. Kh3 Qe6+ 1/2-1/2

[Event "ESP-ch U16 Rapid"]
[Site "Salobrena"]
[Date "2022.07.31"]
[Round "7"]
[White "Martinez Soriano, Javier"]
[Black "Revaliente Montoya, Ciro"]
[Result "1-0"]
[WhiteElo "1676"]
[BlackElo "1743"]
[PlyCount "105"]
[EventDate "2022.07.30"]
[EventType "swiss (rapid)"]
[EventRounds "9"]
[EventCountry "ESP"]
[SourceTitle "EXT 2023"]
[Source "ChessBase"]
[SourceDate "2022.10.05"]
[SourceVersion "1"]
[SourceVersionDate "2022.10.05"]
[SourceQuality "1"]

1. e4 c5 2. Nf3 Nc6 3. d4 cxd4 4. Nxd4 Nf6 5. Nc3 e6 6. Nb3 Bb4 7. Bd3 d5 8. 0-0 Bxc3 9. exd5 Nxd5 10. bxc3 Nxc3 11. Qg4 0-0 12. Bh6 g6 13. Bxf8 Qxf8 14. Qc4 Nd5 15. Be4 Nb6 16. Qc3 Ne7 17. a4 Nbd5 18. Qd2 Nf6 19. Bf3 Nf5 20. Rfd1 Nh4 21. Be2 Nf5 22. Qg5 Kg7 23. g4 h6 24. Qf4 Ne7 25. h4 Nfd5 26. Qd4+ f6 27. f4 Nc6 28. Qd2 Qb4 29. Qxb4 Ncxb4 30. Bf3 Nxc2 31. Rac1 Nce3 32. Rd3 Bd7 33. Kf2 Bxa4 34. Nc5 Bc6 35. Nxe6+ Kf7 36. Nd4 Be8 37. Rxe3 Nxe3 38. Rc7+ Kf8 39. Kxe3 Bf7 40. Rxb7 Rc8 41. Rxa7 Rc3+ 42. Kd2 Rc4 43. Kd3 Rc1 44. f5 Rf1 45. fxg6 Bxg6+ 46. Ke2 Rc1 47. h5 Bb1 48. Rb7 Kg8 49. Bd5+ Kf8 50. Rf7+ Ke8 51. Rxf6 Rc5 52. Bf3 Re5+ 53. Kd2 1-0